000
00344pam a2200157a 44500
008
230515b1901 xxu||||| |||| 00| 0 eng d
020
_a
0
041
_a
ENGLISH
082
_a
0 YAD
100
_a
YADAWAJI TRIMBKAJI
245
_a
DRAVYAGUNA VIJNAN VOL. 1
250
_a
1
260
_a
NULL
_b
N.D.
_c
1901
300
_a
500
650
_a
N.D.
999
_c
480255
_d
480255